4 to 13 letters quiz # P - Statistics

General Stats
  • This quiz has been taken 51 times
  • The average score is 7 of 10
Answer Stats
Hint Answer # of Letters % Correct
European capital Paris 5
100%
South American country Peru 4
100%
One of the two countries that claims the territory of Kashmir Pakistan 8
91%
Sixth most populated US state Pennsylvania 12
89%
Largest city on the largest island in the Mediterranean Palermo 7
65%
Island nation where Magellan was killed Philippines 11
59%
Northwestern state of India with Sikh religious majority Punjab 6
50%
World capital that includes its country's name Panama City 10
46%
One of Asia's smallest countries in terms of area Palestine 9
37%
South African coastal city nicknamed 'The Bay' Port Elizabeth 13
28%
No matching quizzes found
Score Distribution
Percent of People with Each Score
Percentile by Number Answered
Your Score History
You have not taken this quiz